00537nam a2200145 a 450000100100000000500170001000800410002704000250006811000330009324500490012626000730017530000200024895201060026899900170037400003819920201002031210.0110823s2001 dr 000 0 spa d aDO-SdBNPbspacBNPHU1 aRepública Dominicana.944710aConstitución de la República Dominicana. aSanto Domingo :bComisión Permanente de Efemerides Patrias,c2001. a43 p. ;c22 cm. 00107-18PDaPDbPDcOId2013-03-21iLF1l0o p38199-10r2020-06-25w2020-06-25yLFPDZNo se presta c37689d37689